<?xml version="1.0" encoding="UTF-8"?>
<record
    xmlns:xsi="http://www.w3.org/2001/XMLSchema-instance"
    xsi:schemaLocation="http://www.loc.gov/MARC21/slim http://www.loc.gov/standards/marcxml/schema/MARC21slim.xsd"
    xmlns="http://www.loc.gov/MARC21/slim">

  <leader>00792nam a22001697a 4500</leader>
  <controlfield tag="003">LRUA</controlfield>
  <controlfield tag="005">20221125135032.0</controlfield>
  <controlfield tag="008">221125b        xxu||||| |||| 00| 0 eng d</controlfield>
  <datafield tag="040" ind1=" " ind2=" ">
    <subfield code="c">RUA</subfield>
  </datafield>
  <datafield tag="082" ind1=" " ind2=" ">
    <subfield code="a">FOR CHE 2011 B544 Or.1</subfield>
  </datafield>
  <datafield tag="100" ind1=" " ind2=" ">
    <subfield code="a">CHEA, BUNNA.</subfield>
  </datafield>
  <datafield tag="245" ind1=" " ind2=" ">
    <subfield code="a">Study on situation carried out of agro forestry in osaray commune tramkak district takeo province, &#x179F;&#x17B7;&#x1780;&#x17D2;&#x179F;&#x17B6;&#x1796;&#x17B8;&#x179F;&#x17D2;&#x1790;&#x17B6;&#x1793;&#x1797;&#x17B6;&#x1796;&#x1793;&#x17C3;&#x1780;&#x17B6;&#x179A;&#x17A2;&#x1793;&#x17BB;&#x179C;&#x178F;&#x17D2;&#x178F;&#x1793;&#x17CD;&#x1780;&#x179F;&#x17B7;&#x179A;&#x17BB;&#x1780;&#x17D2;&#x1781;&#x1780;&#x1798;&#x17D2;&#x1798;&#x1793;&#x17C5;&#x1783;&#x17BB;&#x17C6;&#x17A2;&#x17BC;&#x179A;&#x179F;&#x17B6;&#x179A;&#x17B6;&#x1799; &#x179F;&#x17D2;&#x179A;&#x17BB;&#x1780;&#x178F;&#x17D2;&#x179A;&#x17B6;&#x17C6;&#x1780;&#x1780;&#x17CB; &#x1781;&#x17C1;&#x178F;&#x17D2;&#x178F;&#x178F;&#x17B6;&#x1780;&#x17C2;&#x179C;</subfield>
  </datafield>
  <datafield tag="260" ind1=" " ind2=" ">
    <subfield code="a">Phnom Penh</subfield>
    <subfield code="b">RUA</subfield>
    <subfield code="c">2011</subfield>
  </datafield>
  <datafield tag="300" ind1=" " ind2=" ">
    <subfield code="a">xi; 49p.</subfield>
    <subfield code="b">ill.</subfield>
    <subfield code="c">29cm.</subfield>
  </datafield>
  <datafield tag="856" ind1=" " ind2=" ">
    <subfield code="u">https://drive.google.com/file/d/1xSviSHdwO64o5karoT5PHb7Lr7Dr9IDm/view?usp=sharing</subfield>
  </datafield>
  <datafield tag="942" ind1=" " ind2=" ">
    <subfield code="c">FOR</subfield>
    <subfield code="2">ddc</subfield>
  </datafield>
  <datafield tag="999" ind1=" " ind2=" ">
    <subfield code="c">3422</subfield>
    <subfield code="d">3422</subfield>
  </datafield>
  <datafield tag="952" ind1=" " ind2=" ">
    <subfield code="0">0</subfield>
    <subfield code="1">0</subfield>
    <subfield code="2">ddc</subfield>
    <subfield code="4">0</subfield>
    <subfield code="6">FOR_CHE_2011_000000000000000_B140_OR_1</subfield>
    <subfield code="7">0</subfield>
    <subfield code="9">16277</subfield>
    <subfield code="a">LBB</subfield>
    <subfield code="b">LBB</subfield>
    <subfield code="c">B140</subfield>
    <subfield code="d">2015-11-14</subfield>
    <subfield code="o">FOR CHE 2011 B140 Or.1</subfield>
    <subfield code="p">RUA026918</subfield>
    <subfield code="r">2015-11-14</subfield>
    <subfield code="w">2015-11-14</subfield>
    <subfield code="y">FOR</subfield>
  </datafield>
  <datafield tag="952" ind1=" " ind2=" ">
    <subfield code="0">0</subfield>
    <subfield code="1">0</subfield>
    <subfield code="2">ddc</subfield>
    <subfield code="4">0</subfield>
    <subfield code="6">FOR_CHE_2011_000000000000000_B140_OR_2</subfield>
    <subfield code="7">0</subfield>
    <subfield code="9">16278</subfield>
    <subfield code="a">LBB</subfield>
    <subfield code="b">LBB</subfield>
    <subfield code="c">B140</subfield>
    <subfield code="d">2015-11-14</subfield>
    <subfield code="l">2</subfield>
    <subfield code="o">FOR CHE 2011 B140 Or.2</subfield>
    <subfield code="p">RUA026983</subfield>
    <subfield code="r">2026-06-11</subfield>
    <subfield code="s">2026-05-08</subfield>
    <subfield code="w">2015-11-14</subfield>
    <subfield code="y">FOR</subfield>
  </datafield>
  <datafield tag="952" ind1=" " ind2=" ">
    <subfield code="0">0</subfield>
    <subfield code="1">0</subfield>
    <subfield code="2">ddc</subfield>
    <subfield code="4">0</subfield>
    <subfield code="6">FOR_CHE_2011_000000000000000_B140_OR_3</subfield>
    <subfield code="7">0</subfield>
    <subfield code="9">16279</subfield>
    <subfield code="a">LBB</subfield>
    <subfield code="b">LBB</subfield>
    <subfield code="c">B140</subfield>
    <subfield code="d">2015-11-14</subfield>
    <subfield code="l">2</subfield>
    <subfield code="o">FOR CHE 2011 B140 Or.3</subfield>
    <subfield code="p">RUA026911</subfield>
    <subfield code="r">2023-04-25</subfield>
    <subfield code="s">2023-03-17</subfield>
    <subfield code="w">2015-11-14</subfield>
    <subfield code="y">FOR</subfield>
  </datafield>
  <datafield tag="952" ind1=" " ind2=" ">
    <subfield code="0">0</subfield>
    <subfield code="1">0</subfield>
    <subfield code="2">ddc</subfield>
    <subfield code="4">0</subfield>
    <subfield code="6">FOR_CHE_2011_000000000000000_B140_OR_4</subfield>
    <subfield code="7">0</subfield>
    <subfield code="9">16280</subfield>
    <subfield code="a">LBB</subfield>
    <subfield code="b">LBB</subfield>
    <subfield code="c">B140</subfield>
    <subfield code="d">2015-11-14</subfield>
    <subfield code="o">FOR CHE 2011 B140 Or.4</subfield>
    <subfield code="p">RUA026775</subfield>
    <subfield code="r">2015-11-14</subfield>
    <subfield code="w">2015-11-14</subfield>
    <subfield code="y">FOR</subfield>
  </datafield>
  <datafield tag="952" ind1=" " ind2=" ">
    <subfield code="0">0</subfield>
    <subfield code="1">0</subfield>
    <subfield code="2">ddc</subfield>
    <subfield code="4">0</subfield>
    <subfield code="6">FOR_CHE_2011_000000000000000_B140_OR_5</subfield>
    <subfield code="7">0</subfield>
    <subfield code="9">16281</subfield>
    <subfield code="a">LBB</subfield>
    <subfield code="b">LBB</subfield>
    <subfield code="c">B140</subfield>
    <subfield code="d">2015-11-14</subfield>
    <subfield code="o">FOR CHE 2011 B140 Or.5</subfield>
    <subfield code="p">RUA026703</subfield>
    <subfield code="r">2015-11-14</subfield>
    <subfield code="w">2015-11-14</subfield>
    <subfield code="y">FOR</subfield>
  </datafield>
  <datafield tag="952" ind1=" " ind2=" ">
    <subfield code="0">0</subfield>
    <subfield code="1">0</subfield>
    <subfield code="2">ddc</subfield>
    <subfield code="4">0</subfield>
    <subfield code="6">FOR_CHE_2011_000000000000000_B140_OR_6</subfield>
    <subfield code="7">0</subfield>
    <subfield code="9">16282</subfield>
    <subfield code="a">LBB</subfield>
    <subfield code="b">LBB</subfield>
    <subfield code="c">B140</subfield>
    <subfield code="d">2015-11-14</subfield>
    <subfield code="o">FOR CHE 2011 B140 Or.6</subfield>
    <subfield code="p">RUA026631</subfield>
    <subfield code="r">2015-11-14</subfield>
    <subfield code="w">2015-11-14</subfield>
    <subfield code="y">FOR</subfield>
  </datafield>
  <datafield tag="952" ind1=" " ind2=" ">
    <subfield code="0">0</subfield>
    <subfield code="1">0</subfield>
    <subfield code="2">ddc</subfield>
    <subfield code="4">0</subfield>
    <subfield code="6">FOR_CHE_2011_000000000000000_B140_OR_7</subfield>
    <subfield code="7">0</subfield>
    <subfield code="9">16283</subfield>
    <subfield code="a">LBB</subfield>
    <subfield code="b">LBB</subfield>
    <subfield code="c">B140</subfield>
    <subfield code="d">2015-11-14</subfield>
    <subfield code="o">FOR CHE 2011 B140 Or.7</subfield>
    <subfield code="p">RUA043146</subfield>
    <subfield code="r">2015-11-14</subfield>
    <subfield code="w">2015-11-14</subfield>
    <subfield code="y">FOR</subfield>
  </datafield>
  <datafield tag="952" ind1=" " ind2=" ">
    <subfield code="0">0</subfield>
    <subfield code="1">0</subfield>
    <subfield code="2">ddc</subfield>
    <subfield code="4">0</subfield>
    <subfield code="6">FOR_CHE_2011_000000000000000_B140_OR_8</subfield>
    <subfield code="7">0</subfield>
    <subfield code="9">16284</subfield>
    <subfield code="a">LBB</subfield>
    <subfield code="b">LBB</subfield>
    <subfield code="c">B140</subfield>
    <subfield code="d">2015-11-14</subfield>
    <subfield code="l">2</subfield>
    <subfield code="o">FOR CHE 2011 B140 Or.8</subfield>
    <subfield code="p">RUA043208</subfield>
    <subfield code="r">2023-08-28</subfield>
    <subfield code="s">2023-07-19</subfield>
    <subfield code="w">2015-11-14</subfield>
    <subfield code="y">FOR</subfield>
  </datafield>
  <datafield tag="952" ind1=" " ind2=" ">
    <subfield code="0">0</subfield>
    <subfield code="1">0</subfield>
    <subfield code="2">ddc</subfield>
    <subfield code="4">0</subfield>
    <subfield code="6">FOR_CHE_2011_000000000000000_B544_OR_1</subfield>
    <subfield code="7">0</subfield>
    <subfield code="9">78742</subfield>
    <subfield code="a">LBB</subfield>
    <subfield code="b">LBB</subfield>
    <subfield code="c">B544</subfield>
    <subfield code="d">2019-05-08</subfield>
    <subfield code="o">FOR CHE 2011 B544 Or.1</subfield>
    <subfield code="p">A40650</subfield>
    <subfield code="r">2019-05-08</subfield>
    <subfield code="w">2019-05-08</subfield>
    <subfield code="y">FOR</subfield>
  </datafield>
  <datafield tag="952" ind1=" " ind2=" ">
    <subfield code="0">0</subfield>
    <subfield code="1">0</subfield>
    <subfield code="2">ddc</subfield>
    <subfield code="4">0</subfield>
    <subfield code="6">FOR_CHE_2011_000000000000000_B544_OR_2</subfield>
    <subfield code="7">0</subfield>
    <subfield code="9">78743</subfield>
    <subfield code="a">LBB</subfield>
    <subfield code="b">LBB</subfield>
    <subfield code="c">B544</subfield>
    <subfield code="d">2019-05-08</subfield>
    <subfield code="o">FOR CHE 2011 B544 Or.2</subfield>
    <subfield code="p">A40585</subfield>
    <subfield code="r">2019-05-08</subfield>
    <subfield code="w">2019-05-08</subfield>
    <subfield code="y">FOR</subfield>
  </datafield>
  <datafield tag="952" ind1=" " ind2=" ">
    <subfield code="0">0</subfield>
    <subfield code="1">0</subfield>
    <subfield code="2">ddc</subfield>
    <subfield code="4">0</subfield>
    <subfield code="6">FOR_CHE_2011_000000000000000_B544_OR_3</subfield>
    <subfield code="7">0</subfield>
    <subfield code="9">78744</subfield>
    <subfield code="a">LBB</subfield>
    <subfield code="b">LBB</subfield>
    <subfield code="c">B544</subfield>
    <subfield code="d">2019-05-08</subfield>
    <subfield code="o">FOR CHE 2011 B544 Or.3</subfield>
    <subfield code="p">A40660</subfield>
    <subfield code="r">2019-05-08</subfield>
    <subfield code="w">2019-05-08</subfield>
    <subfield code="y">FOR</subfield>
  </datafield>
</record>
